Top 10 Buteurs - Real Madrid - Statistiques

Statistiques générales
  • Ce quiz a été pris 2 244 fois
    153 depuis la dernière actualisation
  • Le résultat moyen est 6 sur 13
Statistiques - réponses
Joueur % Correct
Cristiano Ronaldo
100%
Karim Benzema
93%
Raúl
80%
Ferenc Puskas
65%
Vinicius Junior
60%
Alfredo Di Stefano
54%
Rodrygo
44%
Hugo Sanchez
34%
Emilio Butragueno
30%
Paco Gento
18%
Pirri
6%
Santillana
5%
Amancio
2%
Aucun quiz correspondant
Distribution des résultats
% des personnes avec chaque résultat
Percentile par nombre de réponses
Votre historique - résultats
Vous n’avez pas pris ce quiz depuis la dernière actualisation